Beating low cost comptition : how premium brands can respond to cut-preice rivals (Record no. 1303934)

MARC details
000 -LEADER
fixed length control field 00559nam a2200181Ia 4500
005 - DATE AND TIME OF LATEST TRANSACTION
control field 20250326144510.0
008 - FIXED-LENGTH DATA ELEMENTS--GENERAL INFORMATION
fixed length control field 250326s9999 xx 000 0 und d
037 ## - SOURCE OF ACQUISITION
Stock number Textbook
040 ## - CATALOGING SOURCE
Original cataloging agency FMSL
Language of cataloging eng
Transcribing agency FMSL
041 ## - LANGUAGE CODE
Language code of text/sound track or separate title eng
Source of code eng
084 ## - COLON CLASSIFICATION NUMBER
Classification number X:512 P8
Assigning agency FMSL
100 ## - MAIN ENTRY--PERSONAL NAME
Personal name Ryans A
9 (RLIN) 749775
245 #0 - TITLE STATEMENT
Title Beating low cost comptition : how premium brands can respond to cut-preice rivals
Statement of responsibility, etc. Ryans A
260 ## - PUBLICATION, DISTRIBUTION, ETC.
Place of publication, distribution, etc. New Jersey
Name of publisher, distributor, etc. New Jersey, John Wiley
Date of publication, distribution, etc. 2008
365 ## - TRADE PRICE
Price amount 1952.3565000000001
942 ## - ADDED ENTRY ELEMENTS (KOHA)
Koha item type Textbook
Classification part X:512 P8
Holdings
Withdrawn status Lost status Damaged status Not for loan Home library Current library Date acquired Source of acquisition Cost, normal purchase price Total Checkouts Full call number Barcode Date last seen Price effective from Koha item type
        Faculty of Management Library Faculty of Management Library 2025-03-26 Index International 1952.36   X:512 P8 ML1488004 2025-03-26 2025-03-26 Textbook
Copyright @ Delhi University Library System